Polymer chemistry : (Record no. 16133)

MARC details
000 -LEADER
fixed length control field 00980cam a22003015i 4500
001 - CONTROL NUMBER
control field 4506651
003 - CONTROL NUMBER IDENTIFIER
control field EG-ScBUE
005 - DATE AND TIME OF LATEST TRANSACTION
control field 20251221111057.0
008 - FIXED-LENGTH DATA ELEMENTS--GENERAL INFORMATION
fixed length control field 980428t2009 enka f b f001 0 eng d
020 ## - INTERNATIONAL STANDARD BOOK NUMBER
International Standard Book Number 9780195392098
040 ## - CATALOGING SOURCE
Original cataloging agency EG-ScBUE
Language of cataloging eng
Description conventions rda
Transcribing agency EG-ScBUE
Modifying agency EG-ScBUE
082 04 - DEWEY DECIMAL CLASSIFICATION NUMBER
Classification number 547.7
Edition number 22
Item number STE
100 1# - MAIN ENTRY--PERSONAL NAME
Personal name Stevens, Malcolm P.,
Dates associated with a name 1934-
9 (RLIN) 6760
Relator term author.
245 10 - TITLE STATEMENT
Title Polymer chemistry :
Remainder of title an introduction /
Statement of responsibility, etc Malcolm P. Stevens.
250 ## - EDITION STATEMENT
Edition statement International third edition.
264 #1 - PUBLICATION, DISTRIBUTION, ETC. (IMPRINT)
Place of publication, distribution, etc Oxford :
Name of publisher, distributor, etc Oxford University Press,
Date of publication, distribution, etc [2009]
264 #4 - PUBLICATION, DISTRIBUTION, ETC. (IMPRINT)
Date of publication, distribution, etc c2009
300 ## - PHYSICAL DESCRIPTION
Extent xix, 551 pages :
Other physical details illustrations ;
Dimensions 25 cm
336 ## - CONTENT TYPE
Source rdacontent
Content type term text
Content type code txt
337 ## - MEDIA TYPE
Media type term unmediated
Source rdamedia
Media type code n
338 ## - CARRIER TYPE
Carrier type term volume
Carrier type code nc
Source rdacarrier
504 ## - BIBLIOGRAPHY, ETC. NOTE
Bibliography, etc Includes bibliographical references and index.
650 #7 - SUBJECT ADDED ENTRY--TOPICAL TERM
Topical term or geographic name as entry element Polymers.
9 (RLIN) 5875
Source of heading or term BUEsh
650 #7 - SUBJECT ADDED ENTRY--TOPICAL TERM
Topical term or geographic name as entry element Polymerization.
9 (RLIN) 6762
Source of heading or term BUEsh
653 ## - INDEX TERM--UNCONTROLLED
Resource For college Engineering, General
Arrived date list October2011
-- November2016
655 ## - INDEX TERM--GENRE/FORM
Form subdivision Reading book
942 ## - ADDED ENTRY ELEMENTS (KOHA)
Source of classification or shelving scheme Dewey Decimal Classification
Koha item type Book - Borrowing
Holdings
Withdrawn status Lost status Source of classification or shelving scheme Damaged status Not for loan Collection code Home library Current library Shelving location Date acquired Source of acquisition Total Checkouts Full call number Barcode Date last seen Price effective from Koha item type Date checked out Cost, normal purchase price Serial Enumeration / chronology Cost, replacement price
    Dewey Decimal Classification     Baccah Central Library Central Library First floor 11/10/2011     547.7 STE 000025328 15/07/2025 11/10/2011 NB - Book (Non borrowing)        
    Dewey Decimal Classification     Baccah Central Library Central Library First floor 11/10/2011   1 547.7 STE 000025329 15/07/2025 11/10/2011 Book - Borrowing 14/01/2013      
    Dewey Decimal Classification     Baccah Central Library Central Library First floor 11/10/2011   1 547.7 STE 000025330 15/07/2025 11/10/2011 Book - Borrowing 08/06/2014      
    Dewey Decimal Classification     Baccah Central Library Central Library First floor 01/12/2016 Purchase   547.7 STE 000040169 15/07/2025 01/12/2016 Book - Borrowing   390.00 3636 488.00